| 000 | 00743nam a2200253Ia 4500 | ||
|---|---|---|---|
| 003 | OSt | ||
| 005 | 20220928114604.0 | ||
| 006 | a|||||r|||| 00| 0 | ||
| 007 | ta | ||
| 008 | 220927b |||||||| |||| 00| 0 eng d | ||
| 020 | _c6819.5884999999998 | ||
| 024 | _a113446 | ||
| 037 |
_b52, 14/10/2011, Aviva Books Company _cTextual |
||
| 040 |
_aSDCL _cSDCL _beng |
||
| 041 |
_2eng _aeng |
||
| 082 | _aB28931, Q1 | ||
| 100 |
_aLohne Andreas _9440019 |
||
| 245 | 0 | _aVector optimization with infimum and supremum. | |
| 260 |
_aBerlin _bSpringer _c2011 |
||
| 300 |
_ax,206p. _ccm. |
||
| 650 | _aMathematics | ||
| 942 |
_hB28931, Q1 _cTEXL _2CC |
||
| 999 |
_c755667 _d755667 |
||